000 00463 a2200169 4500
003 OSt
005 20240212120759.0
008 240212b |||||||| |||| 00| 0 eng d
040 _coclc
082 _a894.8123
_bPAL/E
100 _aPallath, Baby
_910453
245 _aEnglish kudiyettam /
_cBaby, Pallath
250 _a1st ed.
260 _bPrintout Vila,
_c2019.
300 _a63p.
942 _2ddc
_cBK
_h894.8123
_iPAL/E
_k894.8123
_mPAL/E
999 _c44416
_d44416